| 000 | 00822nam a22002417a 4500 | ||
|---|---|---|---|
| 005 | 2012050309349.0 | ||
| 008 | 120503t xxu||||| |||| 00| 0 eng d | ||
| 010 | _aENG-105191 | ||
| 020 |
_a9781259005435 _c195.00 |
||
| 020 |
_a1259005437 _c195.00 |
||
| 035 | _aEN-88724 | ||
| 037 | _bDBAD/PUB | ||
| 040 |
_aDPL _bEng |
||
| 082 | _a005.54 | ||
| 100 |
_aPrice, Michael _916472 |
||
| 245 |
_aExcel 2010 : _cby Michael Price _bin easy steps / |
||
| 260 |
_aNew Delhi _bTata McGraw Hill _c2012 |
||
| 270 |
_a7, West Patel Nagar _bNew Delhi _e110008 |
||
| 300 |
_a192p. : _c24cm(pbk) _bill. |
||
| 500 | _aIncludes index | ||
| 942 |
_2ddc _cEN _mPRI _h005.54 |
||
| 999 |
_c66055 _d66055 |
||